000 00671nam a2200241 i 4500
001 C2-0075445
003 PPAK
005 20180727081608.0
008 970429s1990 enka|||| ||||| | eng d
020 _a0333485343
040 _aPPAK
_beng
_cPPAK
_erda
082 0 4 _a808.066651021
_223
090 0 0 _a808.066651021
_bHUG
_dG
100 1 _aHughes, Vera,
_eauthor
245 1 0 _aEnglish language skills
264 1 _aLondon :
_bMacmillan ,
_c1990
300 _a141 pages :
_billustrations ;
_c24 cm
336 _2rdacontent
_atext
337 _2rdamedia
_aunmediated
338 _2rdacarrier
_avolume
650 1 0 _aEnglish language - Business english
942 _ddc
_cB
999 _c11251
_d11251